[Event "Vallfogona de Balaguer Farre Mem 2nd"]
[Site "Vallfogona de Balaguer"]
[Date "2023.04.15"]
[Round "1"]
[White "Porta Isant, Lluis"]
[Black "Sole Castane, Jaume"]
[Result "1-0"]
[WhiteElo "1995"]
[BlackElo "1552"]
[PlyCount "89"]
[EventDate "2023.04.15"]
[EventType "swiss"]
[EventRounds "8"]
[EventCountry "ESP"]
[SourceTitle "EXT 2024"]
[Source "ChessBase"]
[SourceDate "2023.10.10"]
[SourceVersion "1"]
[SourceVersionDate "2023.10.10"]
[SourceQuality "1"]

1. e4 c5 2. Nf3 d6 3. c3 Nf6 4. Bd3 g6 5. 0-0 Bg7 6. Bc2 Nc6 7. d4 cxd4 8. cxd4 e5 9. d5 Ne7 10. Nc3 0-0 11. h3 a6 12. a4 Bd7 13. Be3 Qa5 14. Qd2 Rac8 15. Ra3 Rb8 16. Rb1 Nc8 17. b4 Qd8 18. a5 Qe8 19. Bd3 Qe7 20. b5 Bxb5 21. Nxb5 axb5 22. Rxb5 Nd7 23. Qb4 Nc5 24. Bxc5 dxc5 25. Qxc5 Qxc5 26. Rxc5 Nd6 27. Rb3 f5 28. Nd2 Bh6 29. Nc4 Nxe4 30. Bxe4 fxe4 31. Nxe5 Rbc8 32. Rxc8 Rxc8 33. Ng4 Bd2 34. Rxb7 Bxa5 35. Nf6+ Kf8 36. Nxh7+ Kg8 37. Nf6+ Kf8 38. Nxe4 Rc1+ 39. Kh2 Bc7+ 40. d6 Ba5 41. Ng5 Re1 42. d7 Rd1 43. Ne6+ Kg8 44. Rb8+ Kf7 45. d8Q 1-0

[Event "Tarrega Lleida op"]
[Site "Tarrega"]
[Date "2017.05.13"]
[Round "4.5"]
[White "Campos Olaya, Israel"]
[Black "Sole Castane, Jaume"]
[Result "1-0"]
[WhiteElo "2165"]
[BlackElo "1658"]
[PlyCount "53"]
[EventDate "2017.04.22"]
[EventType "swiss"]
[EventRounds "8"]
[EventCountry "ESP"]
[SourceTitle "EXT 2024"]
[Source "ChessBase"]
[SourceDate "2023.10.10"]
[SourceVersion "1"]
[SourceVersionDate "2023.10.10"]
[SourceQuality "1"]

1. e4 e5 2. Nf3 Nc6 3. d4 exd4 4. Bc4 h6 5. c3 d6 6. cxd4 Bg4 7. 0-0 Bxf3 8. Qxf3 Qf6 9. Qb3 0-0-0 10. d5 Na5 11. Qh3+ Kb8 12. Be2 b6 13. Nc3 Ne7 14. Qd3 c5 15. dxc6 Nexc6 16. Be3 Qe5 17. f4 Qe7 18. Nd5 Qd7 19. Rfc1 Nb7 20. b4 Ne7 21. Nxb6 axb6 22. Bxb6 Nc8 23. Bc7+ Ka8 24. Qa6+ Na7 25. Bb6 Nc5 26. bxc5 Rc8 27. Bxa7 1-0

[Event "Lleida op"]
[Site "Lleida"]
[Date "2016.06.18"]
[Round "9.3"]
[White "Rodon Balcells, Jaume"]
[Black "Sole Castane, Jaume"]
[Result "1-0"]
[WhiteElo "1821"]
[BlackElo "1687"]
[PlyCount "41"]
[EventDate "2016.04.23"]
[EventType "swiss"]
[EventRounds "9"]
[EventCountry "ESP"]
[SourceTitle "EXT 2024"]
[Source "ChessBase"]
[SourceDate "2023.10.10"]
[SourceVersion "1"]
[SourceVersionDate "2023.10.10"]
[SourceQuality "1"]

1. e4 e6 2. d4 d5 3. Nc3 c5 4. exd5 cxd4 5. Qxd4 Nf6 6. Bg5 Be7 7. 0-0-0 Nxd5 8. Bxe7 Qxe7 9. Qxg7 Qf6 10. Qxf6 Nxf6 11. Nb5 Na6 12. Nd6+ Ke7 13. Nxc8+ Raxc8 14. Bxa6 bxa6 15. Nh3 Rhg8 16. g3 Rgd8 17. f3 Nd5 18. c3 Ne3 19. Rxd8 Rxd8 20. Re1 Rd3 21. Nf4 1-0

[Event "Lleida op"]
[Site "Lleida"]
[Date "2016.05.14"]
[Round "4.6"]
[White "Sole Castane, Jaume"]
[Black "Sanuy Moncasi, Albert"]
[Result "0-1"]
[WhiteElo "1687"]
[BlackElo "1939"]
[PlyCount "42"]
[EventDate "2016.04.23"]
[EventType "swiss"]
[EventRounds "9"]
[EventCountry "ESP"]
[SourceTitle "EXT 2024"]
[Source "ChessBase"]
[SourceDate "2023.10.10"]
[SourceVersion "1"]
[SourceVersionDate "2023.10.10"]
[SourceQuality "1"]

1. d4 Nf6 2. Nf3 e6 3. h3 c5 4. Bf4 Nc6 5. e3 Qb6 6. b3 Nd5 7. Bg3 cxd4 8. Nxd4 Bb4+ 9. c3 Nxc3 10. Nxc3 Bxc3+ 11. Ke2 Nxd4+ 12. exd4 Bxa1 13. Qxa1 0-0 14. Kd1 d5 15. Bd3 Bd7 16. Ke2 Bb5 17. Bxb5 Qxb5+ 18. Ke3 Rfc8 19. Rd1 Rc6 20. f4 Rac8 21. Be1 Qf1 0-1

[Event "Lleida-ch B"]
[Site "La Guardia"]
[Date "2015.09.27"]
[Round "1.5"]
[White "Escale Balcells, Jose"]
[Black "Sole Castane, Jaume"]
[Result "1-0"]
[WhiteElo "1741"]
[BlackElo "1898"]
[PlyCount "131"]
[EventDate "2015.09.27"]
[EventType "swiss"]
[EventRounds "9"]
[EventCountry "ESP"]
[SourceTitle "EXT 2024"]
[Source "ChessBase"]
[SourceDate "2023.10.10"]
[SourceVersion "1"]
[SourceVersionDate "2023.10.10"]
[SourceQuality "1"]

1. e4 c6 2. d4 d5 3. e5 Bf5 4. Bd3 Bxd3 5. Qxd3 e6 6. Nf3 h6 7. a3 Nd7 8. 0-0 c5 9. c3 c4 10. Qe2 Be7 11. Be3 Nf8 12. Nbd2 Ng6 13. Rfe1 Bg5 14. Nf1 Bxe3 15. Qxe3 N8e7 16. Ng3 0-0 17. Rab1 b5 18. Qd2 Qa5 19. Re3 Qc7 20. Qc2 Nf4 21. Ne1 Neg6 22. Ne2 Qe7 23. Nxf4 Nxf4 24. Rg3 Rac8 25. Qd2 Ng6 26. Nf3 Rfd8 27. Rg4 Kf8 28. h4 Qe8 29. h5 Ne7 30. Nh4 Rc6 31. Qf4 Rd7 32. Re1 Rcc7 33. Re3 Nf5 34. Nxf5 exf5 35. Qxf5 Qe6 36. Qf4 f5 37. exf6 Qxf6 38. Qxf6+ gxf6 39. Rg6 Rh7 40. Rxf6+ Rcf7 41. Rd6 Rf5 42. Rd8+ Kg7 43. Rd7+ Rf7 44. Rg3+ Kf8 45. Rxd5 Rb7 46. Rg6 Ke7 47. Rdd6 Kf7 48. Rdf6+ Ke7 49. Rxh6 Rxh6 50. Rxh6 Kf8 51. Rg6 Re7 52. Rf6+ Kg7 53. Ra6 Re2 54. Rxa7+ Kh6 55. g4 Rxb2 56. Ra6+ Kg7 57. g5 Rb3 58. Ra5 Rxc3 59. Rxb5 Rxa3 60. Rc5 Ra4 61. d5 c3 62. Rxc3 Rd4 63. Rc7+ Kh8 64. Rf7 Rxd5 65. f4 Kg8 66. Rf6 1-0

[Event "Lleida Province-ch"]
[Site "Tornabous"]
[Date "2014.11.16"]
[Round "7"]
[White "Sole Castane, Jaume"]
[Black "Fabrega Ramon, Sergi"]
[Result "0-1"]
[WhiteElo "1913"]
[BlackElo "2057"]
[PlyCount "112"]
[EventDate "2014.10.05"]
[EventType "swiss"]
[EventRounds "9"]
[EventCountry "ESP"]
[SourceTitle "CBM 163 Extra"]
[Source "ChessBase"]
[SourceDate "2014.12.23"]
[SourceVersion "1"]
[SourceVersionDate "2014.12.23"]
[SourceQuality "1"]

1. Nf3 Nc6 2. d4 d5 3. Bf4 Bf5 4. e3 e6 5. a3 Bd6 6. Bg3 Bg4 7. Be2 f5 8. Nbd2 Nf6 9. Ne5 Bxe2 10. Qxe2 0-0 11. Nxc6 bxc6 12. c4 c5 13. dxc5 Bxc5 14. Nb3 Bd6 15. Nd4 Qd7 16. 0-0 c6 17. Rac1 Rac8 18. Bxd6 Qxd6 19. c5 Qd7 20. Qc2 Ng4 21. Nf3 Qc7 22. Qc3 Rce8 23. h3 Nf6 24. Qe5 Re7 25. Rfd1 Rc8 26. Qxc7 Rexc7 27. Ne5 Nd7 28. Nd3 Kf7 29. f4 Kf6 30. Rf1 e5 31. b4 Rb7 32. g4 g6 33. g5+ Ke6 34. Kf2 Rcb8 35. fxe5 Nxe5 36. Nf4+ Ke7 37. Rc3 a5 38. bxa5 Rb2+ 39. Kg1 Ra8 40. Nd3 Nxd3 41. Rxd3 Rxa5 42. Rf2 Rb1+ 43. Kg2 Rxc5 44. Ra2 Rcb5 45. a4 R5b2+ 46. Rxb2 Rxb2+ 47. Kf3 Rb4 48. Rd4 Rxd4 49. exd4 Kd7 50. Kf4 Kc7 51. Ke5 Kb6 52. h4 Ka5 53. h5 Kxa4 54. hxg6 hxg6 55. Kf6 f4 56. Kxg6 f3 0-1

[Event "Lleida Province-ch"]
[Site "Balaguer"]
[Date "2013.11.17"]
[Round "7"]
[White "Arno Bendicho, Arnau"]
[Black "Sole Castane, Jaume"]
[Result "1-0"]
[WhiteElo "1927"]
[BlackElo "1665"]
[PlyCount "47"]
[EventDate "2013.10.06"]
[EventType "swiss"]
[EventRounds "9"]
[EventCountry "ESP"]
[SourceTitle "CBM 157 Extra"]
[Source "ChessBase"]
[SourceDate "2013.12.19"]
[SourceVersion "1"]
[SourceVersionDate "2013.12.19"]
[SourceQuality "1"]

1. d4 d5 2. c4 c6 3. Nf3 e6 4. Nc3 f5 5. Qc2 Nf6 6. Bg5 Be7 7. e3 Nbd7 8. Bd3 b6 9. cxd5 Nxd5 10. Bxe7 Qxe7 11. Nxd5 cxd5 12. 0-0 Qd6 13. Rac1 0-0 14. Qc7 Qxc7 15. Rxc7 Nf6 16. Ne5 Ne8 17. Re7 a6 18. Rc1 Rb8 19. Nc6 Ra8 20. Nd8 Nf6 21. Nxe6 Bxe6 22. Rxe6 Nd7 23. Rd6 Rac8 24. Rxc8 1-0

[Event "Balaguer op 17th"]
[Site "Balaguer"]
[Date "2012.06.20"]
[Round "5"]
[White "Parramon Guillaumet, Jaime"]
[Black "Sole Castane, Jaume"]
[Result "1-0"]
[WhiteElo "1873"]
[BlackElo "1656"]
[PlyCount "99"]
[EventDate "2012.06.16"]
[EventType "swiss"]
[EventRounds "9"]
[EventCountry "ESP"]
[SourceTitle "EXT 2013"]
[Source "ChessBase"]
[SourceDate "2012.11.22"]
[SourceVersion "1"]
[SourceVersionDate "2012.11.22"]
[SourceQuality "1"]

1. e4 c6 2. Nf3 d6 3. d4 Nd7 4. Bc4 e5 5. dxe5 Nxe5 6. Nxe5 Qa5+ 7. Nc3 Qxe5 8. 0-0 Nf6 9. Bb3 Be7 10. f4 Qh5 11. Qxh5 Nxh5 12. e5 0-0 13. Be3 g6 14. Ne4 d5 15. Ng3 Ng7 16. c3 Nf5 17. Nxf5 Bxf5 18. Rad1 a6 19. Rd2 Rad8 20. Bc2 Bxc2 21. Rxc2 f5 22. h3 Kf7 23. g4 Ke6 24. Kg2 Rh8 25. Rf3 h6 26. Bf2 Rhg8 27. Rd3 b5 28. b4 Ra8 29. a3 a5 30. Be3 Rgc8 31. Rcd2 axb4 32. cxb4 Ra6 33. Rc2 fxg4 34. hxg4 g5 35. f5+ Kf7 36. e6+ Kg7 37. Bd4+ Bf6 38. Bxf6+ Kxf6 39. Rxd5 cxd5 40. Rxc8 Rxa3 41. Rf8+ Ke7 42. Rf7+ Ke8 43. Rb7 Ra2+ 44. Kf3 Ra3+ 45. Ke2 Ra2+ 46. Ke3 Ra3+ 47. Kd4 Rg3 48. Kxd5 Rxg4 49. f6 Kd8 50. f7 1-0

[Event "Vallfogona de Lleida op"]
[Site "Vallfogona de Balaguer"]
[Date "2012.05.25"]
[Round "6"]
[White "Sole Castane, Jaume"]
[Black "Bedoya Ribo, Jordi"]
[Result "0-1"]
[WhiteElo "1656"]
[BlackElo "1897"]
[PlyCount "100"]
[EventDate "2012.04.20"]
[EventType "swiss"]
[EventRounds "8"]
[EventCountry "ESP"]
[SourceTitle "EXT 2015"]
[Source "ChessBase"]
[SourceDate "2014.11.20"]
[SourceVersion "1"]
[SourceVersionDate "2014.11.20"]
[SourceQuality "1"]

1. e4 c6 2. Bc4 d5 3. exd5 cxd5 4. Bb3 Nf6 5. d3 Bf5 6. Bg5 e6 7. a3 Be7 8. Nf3 0-0 9. Nbd2 Nc6 10. Nf1 Bg4 11. N1d2 Nd4 12. h3 Bh5 13. Be3 Nxb3 14. Nxb3 Rc8 15. Rc1 Nd7 16. g4 Bg6 17. Qe2 Bf6 18. Bd4 Re8 19. 0-0 e5 20. Bc3 e4 21. Bxf6 Qxf6 22. Nfd4 exd3 23. Qd2 dxc2 24. Na1 Ne5 25. Naxc2 Nf3+ 26. Nxf3 Qxf3 27. Nd4 Qxh3 28. f3 Qg3+ 29. Qg2 Qxg2+ 30. Kxg2 h6 31. Rxc8 Rxc8 32. Nb5 Rc2+ 33. Rf2 Rxf2+ 34. Kxf2 a6 35. Nc3 d4 36. Na4 f5 37. Nc5 fxg4 38. Nxb7 gxf3 39. Nc5 d3 40. Kxf3 a5 41. Nb3 h5 42. Nxa5 h4 43. Nc4 Bf7 44. Nd2 Kf8 45. Kg4 g5 46. Kf3 Bd5+ 47. Kg4 Be6+ 48. Kf3 g4+ 49. Kf4 g3 50. Ke3 h3 0-1

[Event "Vallfogona de Lleida op"]
[Site "Vallfogona de Balaguer"]
[Date "2012.04.27"]
[Round "2"]
[White "Sole Castane, Jaume"]
[Black "Perez Cabas, Jose"]
[Result "0-1"]
[WhiteElo "1656"]
[BlackElo "1983"]
[PlyCount "74"]
[EventDate "2012.04.20"]
[EventType "swiss"]
[EventRounds "8"]
[EventCountry "ESP"]
[SourceTitle "EXT 2015"]
[Source "ChessBase"]
[SourceDate "2014.11.20"]
[SourceVersion "1"]
[SourceVersionDate "2014.11.20"]
[SourceQuality "1"]

1. e4 c5 2. Nf3 e6 3. d4 cxd4 4. Nxd4 Nc6 5. Nc3 Qc7 6. Be3 Nf6 7. Ndb5 Qb8 8. a3 a6 9. Nd4 b5 10. Be2 Qc7 11. 0-0 b4 12. axb4 Bxb4 13. f3 Ne7 14. Bd2 Bc5 15. Be1 e5 16. Bg3 Nc6 17. Ncb5 axb5 18. Rxa8 Nxd4 19. Kh1 0-0 20. Bd3 d5 21. c3 Nc6 22. Qe2 Na7 23. exd5 Qb7 24. Rxc8 Nxc8 25. Be4 Bd6 26. Ra1 Nb6 27. Qxb5 Qc7 28. Bf2 Rb8 29. Qe2 Nbxd5 30. Bxd5 Nxd5 31. Qe4 Rxb2 32. Qxd5 Rxf2 33. Ra8+ Bf8 34. Kg1 Qb6 35. Rxf8+ Kxf8 36. Qa8+ Ke7 37. Qa3+ Kf6 0-1

[Event "Bellpuig op 2nd"]
[Site "Bellpuig"]
[Date "2012.02.25"]
[Round "7"]
[White "Sole Castane, Jaume"]
[Black "Vidal Rosell, Jose"]
[Result "1-0"]
[WhiteElo "1678"]
[BlackElo "1870"]
[PlyCount "96"]
[EventDate "2012.01.14"]
[EventType "swiss"]
[EventRounds "8"]
[EventCountry "ESP"]
[SourceTitle "EXT 2014"]
[Source "ChessBase"]
[SourceDate "2013.11.20"]
[SourceVersion "1"]
[SourceVersionDate "2013.11.20"]
[SourceQuality "1"]

1. e4 c5 2. Nf3 Nc6 3. Bb5 g6 4. 0-0 Bg7 5. c3 d6 6. d3 Bd7 7. Nbd2 Nf6 8. Re1 0-0 9. Nf1 Qc7 10. Ng3 Ng4 11. h3 Nge5 12. Nxe5 Bxe5 13. Qf3 a6 14. Ba4 Bg7 15. Bxc6 Bxc6 16. Qe3 Rae8 17. Rb1 b5 18. Bd2 e6 19. Qe2 f5 20. exf5 exf5 21. Qf1 d5 22. Rxe8 Rxe8 23. Re1 Qf7 24. Rxe8+ Qxe8 25. Qe2 Kf7 26. Qxe8+ Bxe8 27. Be3 Bf8 28. Ne2 Kf6 29. d4 c4 30. h4 h6 31. Nf4 Bc6 32. g3 g5 33. hxg5+ hxg5 34. Ne2 a5 35. Nc1 b4 36. Bd2 Ba4 37. b3 Bb5 38. bxc4 Bxc4 39. f4 gxf4 40. gxf4 Bd6 41. cxb4 Bxb4 42. Bxb4 axb4 43. Kf2 Ke6 44. Ke3 Kd6 45. Kd2 Kc6 46. Kc2 Kb5 47. Kb2 Ka4 48. Nb3 Bd3 1-0

[Event "Lleida Province-chB"]
[Site "Lleida"]
[Date "2011.11.27"]
[Round "8"]
[White "Anaya Ibars, Genis"]
[Black "Sole Castane, Jaume"]
[Result "0-1"]
[WhiteElo "1483"]
[BlackElo "1659"]
[PlyCount "106"]
[EventDate "2011.10.09"]
[EventType "swiss"]
[EventRounds "9"]
[EventCountry "ESP"]
[SourceTitle "EXT 2017"]
[Source "ChessBase"]
[SourceDate "2016.10.25"]
[SourceVersion "1"]
[SourceVersionDate "2016.10.25"]
[SourceQuality "1"]

1. c4 Nf6 2. Nc3 e6 3. e3 d5 4. Nf3 Nbd7 5. a3 Nb6 6. d4 dxc4 7. Ne5 Nfd5 8. Nxc4 Nxc3 9. bxc3 Nd5 10. Bd2 c5 11. Qf3 Qf6 12. Qxf6 Nxf6 13. Rb1 Ne4 14. Bd3 Nxd2 15. Nxd2 cxd4 16. cxd4 b6 17. a4 Bd7 18. Bb5 Bxb5 19. Rxb5 Bd6 20. Ne4 Ke7 21. 0-0 Rac8 22. a5 bxa5 23. Rxa5 Rc7 24. Rfa1 Ra8 25. Ra6 Rd7 26. Nxd6 Rxd6 27. Rxa7+ Rxa7 28. Rxa7+ Kf6 29. g3 Rc6 30. Kg2 g5 31. Ra5 h6 32. d5 exd5 33. Rxd5 Ke6 34. Rd4 f5 35. Rb4 h5 36. Rb5 Ra6 37. e4 fxe4 38. Rxg5 Ra2 39. Rg8 Kf7 40. Rg5 Kf6 41. Rxh5 e3 42. Kg1 e2 43. Rh6+ Kg7 44. Re6 Ra1+ 45. Kg2 e1Q 46. Rxe1 Rxe1 47. f4 Kg6 48. Kf3 Rh1 49. Kg2 Ra1 50. Kf3 Kh5 51. g4+ Kh4 52. f5 Rf1+ 53. Kg2 Rf4 0-1

[Event "Lleida Province-chB"]
[Site "Lleida"]
[Date "2011.10.16"]
[Round "3"]
[White "Sole Castane, Jaume"]
[Black "Font Garcia, Xavier"]
[Result "0-1"]
[WhiteElo "1659"]
[BlackElo "1745"]
[PlyCount "38"]
[EventDate "2011.10.09"]
[EventType "swiss"]
[EventRounds "9"]
[EventCountry "ESP"]
[SourceTitle "EXT 2017"]
[Source "ChessBase"]
[SourceDate "2016.10.25"]
[SourceVersion "1"]
[SourceVersionDate "2016.10.25"]
[SourceQuality "1"]

1. d4 Nf6 2. c4 e5 3. dxe5 Ng4 4. e4 Nxe5 5. Nf3 Nbc6 6. Nxe5 Nxe5 7. Nc3 Bb4 8. Qb3 Qe7 9. a3 Ba5 10. Qc2 c6 11. Be2 0-0 12. Be3 d6 13. b4 Bb6 14. Bxb6 axb6 15. 0-0 Qg5 16. Qc1 Qg6 17. Qe3 Be6 18. Rfd1 Bxc4 19. Qd4 Bxe2 0-1

[Event "Balaguer op 16th "]
[Site "Balaguer"]
[Date "2011.07.21"]
[Round "5"]
[White "Sole Castane, Jaume"]
[Black "Bedoya Ribo, Jordi"]
[Result "1-0"]
[WhiteElo "1634"]
[BlackElo "1915"]
[PlyCount "95"]
[EventDate "2011.07.17"]
[EventType "swiss"]
[EventRounds "9"]
[EventCountry "ESP"]
[SourceTitle "CBM 143 Extra"]
[Source "ChessBase"]
[SourceDate "2011.08.29"]
[SourceVersion "1"]
[SourceVersionDate "2011.08.29"]
[SourceQuality "1"]

1. e4 c6 2. Nf3 d5 3. exd5 cxd5 4. d4 Bg4 5. Be2 Nf6 6. c3 e6 7. h3 Bh5 8. Bf4 Be7 9. Bxb8 Bxf3 10. Bb5+ Nd7 11. Qxf3 Rxb8 12. Bxd7+ Qxd7 13. Nd2 Qb5 14. Nb3 0-0 15. Qe2 Qc4 16. Qxc4 dxc4 17. Nd2 Rbc8 18. 0-0 Rfd8 19. Rfe1 Kf8 20. Nf3 Bf6 21. Re2 h6 22. Rae1 b6 23. g4 Rd5 24. Kg2 h5 25. Nh2 hxg4 26. hxg4 g6 27. Nf1 Kg7 28. Ng3 Rh8 29. Ne4 Bd8 30. Nd2 b5 31. Nf3 Bc7 32. Rh1 Rxh1 33. Kxh1 Rd8 34. Kg2 Rh8 35. Re1 Bf4 36. Re2 Kf6 37. b3 cxb3 38. axb3 Rc8 39. Rc2 Bd6 40. Nd2 Ke7 41. Kf3 a5 42. Ke3 a4 43. Kd3 a3 44. b4 e5 45. dxe5 Bxe5 46. Nb1 a2 47. Rxa2 Rxc3+ 48. Nxc3 1-0

[Event "Balaguer op 16th "]
[Site "Balaguer"]
[Date "2011.07.20"]
[Round "4"]
[White "Fabrega Ramon, Sergi"]
[Black "Sole Castane, Jaume"]
[Result "0-1"]
[WhiteElo "1731"]
[BlackElo "1634"]
[PlyCount "105"]
[EventDate "2011.07.17"]
[EventType "swiss"]
[EventRounds "9"]
[EventCountry "ESP"]
[SourceTitle "CBM 143 Extra"]
[Source "ChessBase"]
[SourceDate "2011.08.29"]
[SourceVersion "1"]
[SourceVersionDate "2011.08.29"]
[SourceQuality "1"]

1. e4 c5 2. Nf3 d6 3. Nc3 Nf6 4. d3 Nc6 5. a3 g6 6. Bd2 Bg7 7. Qc1 0-0 8. Bh6 Ne5 9. Be2 a6 10. Qg5 Bxh6 11. Qxh6 Nfg4 12. Qf4 Nxf3+ 13. Bxf3 Ne5 14. Be2 Be6 15. h3 Qb6 16. Rb1 Nc6 17. Bg4 Nd4 18. Qd2 Qc6 19. Ne2 f5 20. Nxd4 cxd4 21. Bf3 f4 22. c3 dxc3 23. Qxc3 Qxc3+ 24. bxc3 b5 25. Kd2 Rac8 26. Rhe1 Rc7 27. Rec1 Rfc8 28. Rb4 g5 29. Bg4 Bxg4 30. hxg4 Kg7 31. Rd4 Rc6 32. Rb4 Kf6 33. c4 Ke5 34. Kc3 bxc4 35. dxc4 e6 36. Re1 Kf6 37. Kd4 Rc5 38. Rc1 Kg6 39. Rc3 R5c6 40. Rh3 a5 41. Ra4 Rb6 42. Kc3 Rbb8 43. Rd3 Rd8 44. Kd2 Kf6 45. f3 Ke5 46. Kc3 h5 47. gxh5 Rh8 48. Rd1 Rxh5 49. Rg1 Rh2 50. Kd3 Kf6 51. Ke2 Ke5 52. Kd3 Kf6 53. Ke2 0-1

[Event "Lleida Province-chB"]
[Site "Almenar"]
[Date "2010.11.14"]
[Round "6"]
[White "Sole Castane, Jaume"]
[Black "Farre Selma, David"]
[Result "0-1"]
[WhiteElo "1635"]
[BlackElo "1757"]
[PlyCount "80"]
[EventDate "2010.10.10"]
[EventType "swiss"]
[EventRounds "9"]
[EventCountry "ESP"]
[SourceTitle "EXT 2019"]
[Source "ChessBase"]
[SourceDate "2018.10.10"]
[SourceVersion "1"]
[SourceVersionDate "2018.10.10"]
[SourceQuality "1"]

1. e4 d5 2. exd5 Qxd5 3. Nc3 Qd8 4. Bc4 Nf6 5. d3 c6 6. h3 Bf5 7. Be3 e6 8. Nf3 Bd6 9. Nh4 Bg6 10. Nxg6 hxg6 11. Qe2 Nbd7 12. 0-0-0 Nb6 13. Bb3 Nbd5 14. Nxd5 Nxd5 15. Bd2 Be7 16. Rhe1 Bf6 17. Kb1 a5 18. a3 a4 19. Bxd5 cxd5 20. Bb4 Be7 21. Bxe7 Qxe7 22. d4 Qd7 23. Rd3 Rc8 24. Qd2 0-0 25. Ree3 Qb5 26. Qe1 Rc4 27. b4 axb3 28. Rxb3 Qa4 29. Rec3 b5 30. Qe2 Rfc8 31. Rxc4 bxc4 32. Rc3 Rb8+ 33. Kc1 Qb5 34. Qd1 Qb2+ 35. Kd2 Qa2 36. Qf3 Rb1 37. Qe3 Qa1 38. Qe2 Rg1 39. Rg3 c3+ 40. Rxc3 Qc1+ 0-1

[Event "Balaguer op 14th"]
[Site "Balaguer"]
[Date "2009.07.13"]
[Round "1"]
[White "Sole Castane, Jaume"]
[Black "Robles Garcia, Claudia"]
[Result "0-1"]
[WhiteElo "1627"]
[BlackElo "2242"]
[PlyCount "44"]
[EventDate "2009.07.13"]
[EventType "swiss"]
[EventRounds "10"]
[EventCountry "ESP"]
[SourceTitle "CBM 131 Extra"]
[Source "ChessBase"]
[SourceDate "2009.09.03"]
[SourceVersion "2"]
[SourceVersionDate "2009.09.16"]
[SourceQuality "1"]

1. e4 c5 2. Nf3 d6 3. d4 cxd4 4. Nxd4 Nf6 5. Nc3 a6 6. Be2 e5 7. Nb3 Be7 8. Be3 Be6 9. Rc1 0-0 10. 0-0 Nc6 11. Nd5 Nxe4 12. Bb6 Qd7 13. Nxe7+ Nxe7 14. Bf3 Ng5 15. Be2 Nd5 16. Ba5 f5 17. Bd2 Ne4 18. Be1 Nf4 19. Bf3 Ng5 20. Bd2 Nxf3+ 21. Qxf3 Bd5 22. Qg3 Ne2+ 0-1